000 00763nam a22002537a 4500
003 OSt
005 20211218114343.0
008 211215b |||||||| |||| 00| 0 eng d
020 _aT212
040 _cSTCPL
041 _aENG
082 _a519
_bAJI-P
100 _aAjitha Sasi
110 _aGuided by Sebastian George
111 _aMahatma Gandhi University Kottayam, Department of Statistics, St. Thomas College Palai
245 _aProcess capability indices for some non-normal distributions and their applications /
_cby Ajitha Sasi
260 _aPala :
_cDecember 2018
300 _a119p.
_bHB
650 _aStatistics
856 _uhttps://shodhganga.inflibnet.ac.in/handle/10603/273461
942 _cTHE
942 _n0
_2ddc
942 _2ddc
_n0
999 _c75442
_d75442